Guess the soccer player by picture(easy) - Statistics

General Stats
  • This quiz has been taken 236 times
  • The average score is 16 of 18
Answer Stats
Picture Answer % Correct
Messi
99%
Ronaldo
99%
Haaland
98%
Mbappe
98%
pele
98%
Neymar
96%
kane
95%
Salah
94%
Maradona
91%
lewa Lewandowski
86%
Buffon
85%
Xavi
83%
rooney
82%
beckham
74%
iniesta
74%
r9 nazario ronaldo
74%
cruyff
73%
aguero
71%
No matching quizzes found
Score Distribution
Percent of People with Each Score
Percentile by Number Answered
Your Score History
You have not taken this quiz